| 000 | 00422nam a2200121Ia 4500 | ||
|---|---|---|---|
| 008 | 160712s9999 xx 000 0 und d | ||
| 100 | _aSupango, Vivien. | ||
| 245 |
_cVivien Supangco _aStrategic HR Practices in Some Organizations in the Philippines |
||
| 260 |
_c2012 _bPhilippine Management Review |
||
| 300 | _avol. 19 | ||
| 650 | _xMANAGEMENT | ||
| 856 | _uhttp://journals.upd.edu.ph/index.php/pmr/issue/view/306/showToc | ||
| 999 |
_c297445 _d297445 |
||